LIBRARY & INFORMATION CENTRE, KCAET, TAVANUR

ONLINE PUBLIC ACCESS CATALOGUE (OPAC)

Organic chemistry: An outline of the beginning course including material for advanced study / (Record no. 9549)

MARC details
000 -LEADER
fixed length control field 00534cam a2200181ua 4500
041 ## - LANGUAGE CODE
Language code of text/sound track or separate title eng
082 ## - DEWEY DECIMAL CLASSIFICATION NUMBER
Classification number 547
Item number DEG/OR
100 ## - MAIN ENTRY--AUTHOR NAME
Personal name Degering, F .
245 ## - TITLE STATEMENT
Title Organic chemistry: An outline of the beginning course including material for advanced study /
250 ## - EDITION STATEMENT
Edition statement 6 /
260 ## - PUBLICATION, DISTRIBUTION, ETC. (IMPRINT)
Place of publication New York :
Name of publisher Barnes & Noble ,
Year of publication 1961.
300 ## - PHYSICAL DESCRIPTION
Number of Pages 422 ; .
490 0# - SERIES STATEMENT
Series statement College outline series,
Volume number/sequential designation
942 ## - ADDED ENTRY ELEMENTS (KOHA)
Koha item type Books
Holdings
Withdrawn status Lost status Damaged status Home library Current library Date acquired Full call number Accession Number Koha item type
      KAUAET KAUAET 07/04/2012 547 DEG/OR 3097 Books
free website counter